La montalvez (Registro nro. 169238)

Detalles MARC
000 -LEADER
fixed length control field 00565cam a2200181 4500
005 - DATE AND TIME OF LATEST TRANSACTION
control field 20231212110440.0
008 - FIXED-LENGTH DATA ELEMENTS--GENERAL INFORMATION
fixed length control field 231212b mx |||||||| |||| 00| 0 spa d
050 04 - LIBRARY OF CONGRESS CALL NUMBER
Classification number PQ6554.P3
Item number M66 1958
100 1# - MAIN ENTRY--PERSONAL NAME
Personal name Pereda, Jose M. de,
Dates associated with a name 1833-1906
245 13 - TITLE STATEMENT
Title La montalvez
Remainder of title : 1888
Statement of responsibility, etc / José Marría de Pereda.
250 ## - EDITION STATEMENT
Edition statement 1a ed.
260 ## - PUBLICATION, DISTRIBUTION, ETC. (IMPRINT)
Place of publication, distribution, etc México :
Name of publisher, distributor, etc Novaro-México,
Date of publication, distribution, etc 1958
300 ## - PHYSICAL DESCRIPTION
Extent 318 p. ;
Dimensions 17 cm.
490 0# - SERIES STATEMENT
Series statement Nova-Mex ;
Volume number/sequential designation 111
650 #7 - SUBJECT ADDED ENTRY--TOPICAL TERM
Source of heading or term lemb
Topical term or geographic name as entry element Literatura española
Chronological subdivision Siglo XIX
650 #7 - SUBJECT ADDED ENTRY--TOPICAL TERM
Source of heading or term lemb
Topical term or geographic name as entry element Novela española
Chronological subdivision Siglo XIX
942 ## - ADDED ENTRY ELEMENTS (KOHA)
Source of classification or shelving scheme Biblioteca del Cogreso de los Estados Unidos
Koha item type Libro
Existencias
Estado de pérdida Fuente de clasificación Estado del daño No para préstamo Ubicación permanente Ubicación actual Apartado o colección Fecha de adquisición Edición Área del conocimiento Total Checkouts Clasificación Código de Barras Date last seen Número de copia Costo por reposición Tipo de recurso
  Biblioteca del Cogreso de los Estados Unidos     Biblioteca de la Preparatoria Melchor Ocampo Biblioteca de la Preparatoria Melchor Ocampo Literatura 12/12/2023 1a ed. Educación y Humanidades   PQ6554.P3 M66 1958 PMO000004065 12/12/2023 1 1.00 Libro